Normal view
MARC view
- Food grain production
Entry Topical Term
001 - CONTROL NUMBER
- control field: 120
003 - CONTROL NUMBER IDENTIFIER
- control field: OSt
005 - DATE AND TIME OF LATEST TRANSACTION
- control field: 20141208152121.0
008 - FIXED-LENGTH DATA ELEMENTS
- fixed length control field: 141208|| aca||aabn | a|a d
040 ## - CATALOGING SOURCE
- Original cataloging agency: OSt
- Transcribing agency: OSt
150 ## - HEADING--TOPICAL TERM
- Topical term or geographic name as entry element: Food grain production
670 ## - SOURCE DATA FOUND
- Source citation: Work cat.: (OSt): Prasad, Kamta 119, Food grain Production and Irrigation India Vol.3, 2012
